000 00908nam a22003250a 4500
001 PT27651
003 AR-LpoUNG
005 20210131233339.0
008 191001s2006||||xxk|||||||||||||||||eng d
020 _a9780582853133
_c$47
040 _aAR-LpoUNG
_bspa
_cAR-LpoUNG
_eaacr
041 _aeng
044 _axxk
082 0 _aR423 955dic
100 1 _aSummers, Della
_edir.
245 1 0 _aLongman :
_bdictionary of english language and culture
250 _a3ra. ed., 2da. reimpr.
260 _aEssex :
_bPearson Educación,
_c2006.
300 _aix, 1620 p. :
_bil.
505 0 _aAcompaƱado por Cd-Rom interactivo
650 4 _aDICCIONARIOS
650 4 _aLENGUA INGLESA
650 4 _aLEXICOGRAFIA
650 4 _aMATERIAL DE REFERENCIA
650 4 _aTERMINOLOGIA
651 4 _aDOCUMENTOS TEORICOS O METODOLOGICOS
653 _aDICCIONARIOS DE INGLES
905 _a27651
942 _cLSALA
999 _c20203
_d20203